000 00668nam a2200229 i 4500
001 13104
003 ES-MaACL
005 20250813111559.0
007 t|
008 971203s1990 fr |||| | fre d
020 _a2-87647-033-0
080 _a5/6(38)(091)
100 1 _aTannery, Paul.
_9109206
245 1 0 _aPour l'histoire de la science hellène /
_cPaul Tannery.
250 _a2ª ed.
260 _aParis :
_bJacques Gabay,
_ccop. 1990.
300 _aXXIV, 435 p. ;
_c24 cm.
500 _aReimp. de la 2ª ed. publicada por Gauthier-Villars en 1930.
650 7 _aCiencia griega
_2embne
_9166137
852 _aES-MaACL
_jL-20443
999 _c13104
_d13104